Principios de Estads̕tica aplicada

Detalles Bibliográficos
Autor principal: Ortiz Pinilla, Jorge
Formato: eBook
Lenguaje:español
Publicado: Bogot ̀: Ediciones de la U, 2013
Materias:
Acceso en línea:http://www.vlex.com/source/9101

MARC

LEADER 00000nam a22000007a 4500
005 20130327135654.0
007 cr|||| ||||
008 130327t2013 ck |||||s|||| 00||0 spa d
020 |a 978-958-762-091-7 
035 |a 9101 
040 |a vLex 
090 |c 4055  |d 4055 
100 1 0 |a Ortiz Pinilla, Jorge  
245 1 0 |a Principios de Estads̕tica aplicada  |c / Jorge Ortiz Pinilla   |h [Recurso electrn̤ico]  
256 |a Servicio en ln̕ea 
260 |a Bogot ̀:   |b Ediciones de la U,   |c 2013  
300 |a 1 Recurso electrn̤ico 
506 |d vLex Global  |d vLex Global (Academic Edition, excluding Law Schools)  |d vLex Global (U.S. Academic Edition, Law Schools)  |d vLex Global (U.S. Academic Edition, excluding Law Schools)  |d vLex Global (Academic Edition, Law Schools) 
650 0 4 |a Estads̕tica 
650 0 4 |a Matemt̀icas 
650 0 4 |a Economa̕ 
740 |a vLex Libros (Servicio en ln̕ea) 
856 |a Acceso restringido  |u http://www.vlex.com/source/9101 
942 |c BOOK 
999 0 |a Statistics